Loading...
| Fine Arts - Painting and Sculpture | 6 | 3 | 1 | 1 | 115 | 26 | 63.78 | 3 | 8 | 44.06 | 65.91 |
| Literature - British | 4 | 5 | 1 | 1 | 105 | 45 | 78.44 | 3 | 7 | 36.90 | 61.36 |
| Science - Chemistry | 3 | 4 | 1 | 0 | 80 | 40 | 59.29 | 2 | 5 | 28.87 | 50.00 |
| Science - Biology | 1 | 6 | 0 | 2 | 75 | 28 | 79.00 | 2 | 3 | 17.91 | 36.36 |
| Fine Arts - Classical Music | 1 | 5 | 0 | 1 | 65 | 41 | 90.33 | 2 | 4 | 14.89 | 39.77 |
| Literature - World | 4 | 1 | 2 | 0 | 60 | 17 | 48.80 | 4 | 4 | 30.81 | 42.05 |
| History - American | 2 | 3 | 0 | 0 | 60 | 38 | 66.40 | 3 | 5 | 21.22 | 40.91 |
| Literature - American | 0 | 5 | 1 | 1 | 45 | 88 | 110.40 | 0 | 2 | 9.97 | 26.14 |
| Literature - European | 2 | 2 | 1 | 0 | 45 | 39 | 77.50 | 1 | 3 | 17.49 | 28.41 |
| Religion | 2 | 2 | 1 | 1 | 45 | 16 | 67.00 | 2 | 2 | 18.40 | 26.14 |
| Social Science | 1 | 3 | 1 | 0 | 40 | 51 | 70.00 | 1 | 2 | 16.21 | 20.45 |
| Fine Arts - Other | 1 | 2 | 1 | 0 | 30 | 61 | 72.33 | 0 | 3 | 10.30 | 20.45 |
| Philosophy | 1 | 1 | 0 | 0 | 25 | 64 | 75.50 | 1 | 1 | 7.36 | 11.36 |
| Science - Physics | 0 | 2 | 0 | 1 | 20 | 74 | 96.00 | 0 | 1 | 3.95 | 7.95 |
| Other Academic | 1 | 0 | 0 | 0 | 15 | 37 | 37.00 | 1 | 1 | 17.66 | 25.00 |
| History - World | 0 | 1 | 0 | 0 | 10 | 102 | 102.00 | 1 | 1 | 2.12 | 9.09 |
| Geography | 0 | 1 | 0 | 0 | 10 | 73 | 73.00 | 0 | 1 | 8.41 | 7.50 |
| Science - Other | 0 | 1 | 0 | 0 | 10 | 91 | 91.00 | 0 | 0 | 2.42 | 5.00 |
| Mythology | 0 | 1 | 0 | 0 | 10 | 76 | 76.00 | 1 | 1 | 3.78 | 9.09 |